| 000 | 00485nam a2200181Ia 4500 | ||
|---|---|---|---|
| 005 | 20250326141904.0 | ||
| 008 | 250326s9999 xx 000 0 und d | ||
| 037 | _aTextbook | ||
| 040 |
_aFMSL _beng _cFMSL |
||
| 041 |
_aeng _2eng |
||
| 084 | _qFMSL | ||
| 100 |
_aHale R L _9745225 |
||
| 245 | 0 |
_aQuest for quality : How one company put Theory to work, _cHale R L |
|
| 260 |
_aTent _bTent, co. Minneapolis _c1987 |
||
| 300 | _a148p | ||
| 942 | _cTB | ||
| 999 |
_c1292458 _d1292458 |
||